00722nam a2200241 a 4500001001300000003000900013005001700022008004100039020001000080082002000090100003700110245003600147260005200183300000900235500003500244505001300279650002100292700003700313902000800350942000700358952010000365999001500465nice12345678IN_TiNIC20260116012202.0050524s1922 lona grp 000 0 urd  ac10000a225.591439bBFS aBritish & Foreign, Bible Society aInjil-I-Muqaddas in Roman Urdu. aLondonbBritish and Foreign Bible Societyc1922 a374p aincludes index and biblioraphy2 aappendix aBible-Urdu-Roman1 aBritish & Foreign, Bible Society bSRS cBK 00104070aHMIbHMId0000-00-00g100.00l0o225.591439 BFSp6688r0000-00-00w2026-01-16yARB c5989d5989